LEADER 02406nam 2200649 450 001 9910457064403321 005 20200520144314.0 010 $a1-280-55396-0 010 $a9786610553969 010 $a0-7486-2642-5 035 $a(CKB)1000000000351105 035 $a(EBL)271883 035 $a(OCoLC)476009292 035 $a(SSID)ssj0000187143 035 $a(PQKBManifestationID)11197241 035 $a(PQKBTitleCode)TC0000187143 035 $a(PQKBWorkID)10253666 035 $a(PQKB)11381776 035 $a(MiAaPQ)EBC271883 035 $a(Au-PeEL)EBL271883 035 $a(CaPaEBR)ebr10759665 035 $a(CaONFJC)MIL55396 035 $a(EXLCZ)991000000000351105 100 $a20131010h20062006 uy| 0 101 0 $aeng 135 $aur|n|---||||| 181 $ctxt 182 $cc 183 $acr 200 10$aKey concepts in literary theory /$fJulian Wolfreys, Ruth Robbins and Kenneth Womack 205 $aSecond edition. 210 1$aEdinburgh :$cEdinburgh University Press,$d[2006] 210 4$dİ2006 215 $a1 online resource (209 p.) 300 $a"Revised and expanded"--Cover. 311 $a0-7486-2458-9 320 $aIncludes bibliographical references. 327 $aTitle; Contents; Preface to Second Edition; Foreword; Concepts and Terms; Areas of Literary, Critical and Cultural Study,with Bibliographies; Chronology of Critical Thinkers, with Bibliographies; 330 $aPresents the student of literary and critical studies with a range of definitions of the significant terms and concepts used in psychoanalytic, poststructuralist, Marxist, feminist, and postcolonial literary studies. This volume also provides useful discussions of the main areas of literary, critical and cultural theory. 606 $aLiterature$vDictionaries 606 $aCriticism$vDictionaries 606 $aLiterature$xHistory and criticism$xTheory, etc 608 $aElectronic books. 615 0$aLiterature 615 0$aCriticism 615 0$aLiterature$xHistory and criticism$xTheory, etc. 676 $a801.95014 700 $aWolfreys$b Julian$f1958-$0856701 701 $aRobbins$b Ruth$0175930 701 $aWomack$b Kenneth$0175931 801 0$bMiAaPQ 801 1$bMiAaPQ 801 2$bMiAaPQ 906 $aBOOK 912 $a9910457064403321 996 $aKey concepts in literary theory$91913339 997 $aUNINA LEADER 04319nam 2200649 a 450 001 9910450352003321 005 20210605004209.0 010 $a1-59734-645-4 010 $a0-520-92427-4 010 $a1-283-64629-3 024 7 $a10.1525/9780520924277 035 $a(CKB)1000000000003529 035 $a(EBL)224258 035 $a(OCoLC)475930382 035 $a(SSID)ssj0000166706 035 $a(PQKBManifestationID)11163682 035 $a(PQKBTitleCode)TC0000166706 035 $a(PQKBWorkID)10161527 035 $a(PQKB)10579085 035 $a(MiAaPQ)EBC224258 035 $a(OCoLC)49851981 035 $a(MdBmJHUP)muse31103 035 $a(DE-B1597)519860 035 $a(DE-B1597)9780520924277 035 $a(Au-PeEL)EBL224258 035 $a(CaPaEBR)ebr10064720 035 $a(CaONFJC)MIL395879 035 $a(EXLCZ)991000000000003529 100 $a20000906d2001 uy 0 101 0 $aeng 135 $aurnn#---|u||u 181 $ctxt 182 $cc 183 $acr 200 00$aGypsy law$b[electronic resource] $eRomani legal traditions and culture /$fedited by Walter O. Weyrauch 210 $aBerkeley $cUniversity of California Press$dc2001 215 $a1 online resource (304 p.) 300 $aDescription based upon print version of record. 311 0 $a0-520-22185-0 311 0 $a0-520-22186-9 320 $aIncludes bibliographical references and index. 327 $tFront matter --$tContents --$tEditor's Note on Terminology --$tForeword --$tOne. Romaniya: An Introduction to Gypsy Law --$tTwo. Autonomous Lawmaking: The Case of the "Gypsies" --$tThree. Theorizing Gypsy Law --$tFour. Informal Systems of Justice: The Formation of Law within Gypsy Communities --$tFive. Gypsy Law and Jewish Law --$tSix. Juridical Autonomy among Fifteenth and Sixteenth Century Gypsies --$tSeven. Institutional Non-Marriage in the Finnish Roma Community and Its Relationship to Rom Traditional Law --$tEight. A Glossary of Romani Terms --$tNine. The Rom-Vlach Gypsies and the Kris-Romani --$tTen. Complexities of U.S. Law and Gypsy Identity --$tEleven. Oral Legal Traditions of Gypsies and Some American Equivalents --$tContributors --$tIndex 330 $aApproximately one thousand years ago Gypsies, or Roma, left their native India. Today Gypsies can be found in countries throughout the world, their distinct culture still intact in spite of the intense persecution they have endured. This authoritative collection brings together leading Gypsy and non-Gypsy scholars to examine the Romani legal system, an autonomous body of law based on an oral tradition and existing alongside dominant national legal networks. For centuries the Roma have survived by using defensive strategies, especially the absolute exclusion of gadje (non-Gypsies) from their private lives, their values, and information about Romani language and social institutions. Sexuality, gender, and the body are fundamental to Gypsy law, with rules that govern being pure (vujo) or impure (marime). Women play an important role in maintaining legal customs, having the power to sanction and to contaminate, but they are not directly involved in legal proceedings. These essays offer a comparative perspective on Romani legal procedures and identity, including topics such as the United States' criminalization of many aspects of Gypsy law, parallels between Jewish and Gypsy law, and legal distinctions between Romani communities. The contributors raise broad theoretical questions that transcend the specific Gypsy context and offer important insights into understanding oral legal traditions. Together they suggest a theoretical framework for explaining the coexistence of formal and informal law within a single legal system. They also highlight the ethical dilemmas encountered in comparative law research and definitions of "human rights." 606 $aLaw, Romani 606 $aRomanies$xLegal status, laws, etc 608 $aElectronic books. 615 0$aLaw, Romani. 615 0$aRomanies$xLegal status, laws, etc. 676 $a346.01/3 701 $aWeyrauch$b Walter O$g(Walter Otto),$f1919-$0277988 801 0$bMiAaPQ 801 1$bMiAaPQ 801 2$bMiAaPQ 906 $aBOOK 912 $a9910450352003321 996 $aGypsy law$92442738 997 $aUNINA